000 00283nam a2200109Ia 4500
008 220204s9999 xx 000 0 und d
082 _a664.38(038)
_bKRA
100 _aKraus, Barbara
245 0 _aBarbara Kraus dictionary of protein
260 _aNew York
_bHarpers
_c1975
942 _cBK
999 _c32083
_d32083